[Event "19th Bangkok Open 2019"]
[Site "Bangkok"]
[Date "2019.04.10"]
[Round "5.7"]
[White "Susilodinata, Andrean"]
[Black "Ly, Moulthun"]
[Result "1-0"]
[WhiteElo "2314"]
[BlackElo "2490"]
[Annotator "ChessBase"]
[PlyCount "87"]
[EventDate "2019.04.06"]
[EventType "swiss"]
[EventCountry "THA"]
[SourceTitle "playchess.com"]
[Source "ChessBase"]
[SourceQuality "1"]
[TimeControl "40/5400+30:1800+30"]

1. e4 {[%emt 0:00:00]} e5 {[%emt 0:00:00]} 2. Nf3 {[%emt 0:00:00]} Nc6 {[%emt 0:00:15]} 3. Bb5 {[%emt 0:00:00]} Nf6 {[%emt 0:01:59]} 4. O-O {[%emt 0:00:09]} Nxe4 {[%emt 0:00:20]} 5. d4 {[%emt 0:00:05]} Nd6 {[%emt 0:00:10]} 6. Bxc6 {[%emt 0:00:05]} dxc6 {[%emt 0:00:07]} 7. dxe5 {[%emt 0:00:05]} Nf5 {[%emt 0:00:07]} 8. Qxd8+ {[%emt 0:00:07]} Kxd8 {[%emt 0:00:05]} 9. Nc3 {[%emt 0:01:32]} Bd7 {[%emt 0:05:24]} 10. Bf4 {[%emt 0:04:47]} h6 {[%emt 0:03:54]} 11. Rad1 {[%emt 0:00:07]} Kc8 {[%emt 0:00:48]} 12. Rd3 {[%emt 0:16:09]} Be6 {[%emt 0:02:45]} 13. b3 {[%emt 0:01:46]} b6 {[%emt 0:01:47]} 14. h3 {[%emt 0:03:27]} c5 {[%emt 0:02:47]} 15. Rfd1 {[%emt 0:01:47]} Kb7 {[%emt 0:00:33]} 16. Nd5 {[%emt 0:05:01]} Ne7 {[%emt 0:05:07]} 17. c4 {[%emt 0:01:54]} a5 {[%emt 0:04:32]} 18. a4 {[%emt 0:00:11]} g5 {[%emt 0:00:38]} 19. Bh2 {[%emt 0:04:33]} Nc6 {[%emt 0:03:47]} 20. g4 {[%emt 0:15:07]} Bg7 {[%emt 0:20:06]} 21. Nf6 {[%emt 0:00:24]} Bxf6 {[%emt 0:04:40]} 22. exf6 {[%emt 0:00:05]} Rag8 {[%emt 0:00:35]} 23. Kg2 {[%emt 0:13:23]} Kc8 {[%emt 0:02:57]} 24. Ne5 {[%emt 0:05:27]} Nd4 {[%emt 0:03:33]} 25. f4 {[%emt 0:00:11]} gxf4 {[%emt 0:01:21]} 26. Bxf4 {[%emt 0:00:03]} h5 {[%emt 0:00:27]} 27. g5 {[%emt 0:00:30]} h4 {[%emt 0:01:45]} 28. g6 {[%emt 0:06:47]} Rh5 {[%emt 0:13:26]} 29. g7 {[%emt 0:01:43]} Rf5 {[%emt 0:00:33]} 30. Rxd4 {[%emt 0:00:43]} cxd4 {[%emt 0:00:09]} 31. Nc6 {[%emt 0:00:07]} Rxf6 {[%emt 0:04:44]} 32. Ne7+ {[%emt 0:00:06]} Kb7 {[%emt 0:00:14]} 33. Nxg8 {[%emt 0:00:15]} Rg6+ {[%emt 0:00:15]} 34. Kf3 {[%emt 0:06:47]} Rxg7 {[%emt 0:00:15]} 35. Nf6 {[%emt 0:00:28]} Rg6 {[%emt 0:02:33]} 36. Ng4 {[%emt 0:00:59]} c5 {[%emt 0:00:11]} 37. Re1 {[%emt 0:00:12]} Rg8 {[%emt 0:00:27]} 38. Re5 {[%emt 0:00:55]} Rc8 {[%emt 0:00:40]} 39. Nf2 {[%emt 0:04:13]} Rd8 {[%emt 0:01:33]} 40. Bg5 {[%emt 0:00:00]} Rd7 {[%emt 0:00:00]} 41. Ke2 {[%emt 0:01:54]} d3+ {[%emt 0:01:59]} 42. Kd2 {[%emt 0:01:00]} Rd4 {[%emt 0:00:16]} 43. Be3 {[%emt 0:00:09]} Rd8 {[%emt 0:00:10]} 44. Rh5 {[%emt 0:00:21]} 1-0

[Event "19th Bangkok Open 2019"]
[Site "Bangkok"]
[Date "2019.04.10"]
[Round "5.8"]
[White "Barua, Dibyendu"]
[Black "Vijayalakshmi, Subbaraman"]
[Result "1/2-1/2"]
[WhiteElo "2409"]
[BlackElo "2345"]
[Annotator "TA"]
[PlyCount "93"]
[EventDate "2019.04.06"]
[EventType "swiss"]
[EventCountry "THA"]
[SourceTitle "playchess.com"]
[Source "ChessBase"]
[SourceQuality "1"]

{[%evp 19,93,0,6,0,0,0,0,-31,-27,-43,-15,-43,-14,0,-4,-5,0,0,0,-5,-5,0,0,0,0,0,20,-24,6,10,15,11,17,14,20,20,34,21,30,27,35,24,60,60,108,95,103,65,56,0,100,101,115,82,67,35,36,35,35,35,43,11,15,0,0,0,11,15,11,8,8,8,8,9,38,38]} 1. e4 c5 2. Nf3 d6 3. d4 cxd4 4. Nxd4 Nf6 5. Nc3 g6 6. Be2 Bg7 7. O-O Nc6 8. Nb3 O-O 9. Kh1 Be6 10. f4 Rc8 11. f5 {B70: Sicilian Dragon: 6 g3 and 6 Be2 (without a later Be3)} Bd7 12. Bg5 Ne5 13. Bxf6 {The position is equal.} Bxf6 14. Nd5 Bg7 15. c3 Bc6 (15... Re8 {feels hotter.} 16. Nd4 a6 17. Qb3 b5 18. Rad1 e6) 16. Nd4 $146 ({Predecessor:} 16. Qd2 Bxd5 17. Qxd5 Qb6 18. Rae1 Qc6 19. Rd1 Rc7 20. g3 {½-½ (20) Lengyel,B (2286)-Szalanczy,E (2388) Budapest 2008}) 16... Bxd5 17. exd5 Qb6 18. Qb3 Rc5 19. Rad1 Nd7 20. fxg6 hxg6 21. Bg4 Ne5 22. Be2 Ra5 23. Nc2 Rc8 24. Qxb6 axb6 25. Nb4 Rc7 26. g3 Bh6 27. a3 Be3 28. Kg2 Bg5 29. h4 Bf6 30. Rf4 Rc8 31. Nc2 Rc7 32. Rb4 Nd7 33. Bg4 Ne5 34. Be2 Nd7 $1 35. Ne3 Kg7 36. Bg4 Nc5 37. Rxb6 Na4 $1 {[%cal Ra4b6]} 38. Rb4 Nxb2 39. Rxb2 {And now Rb3 would win.} Rxc3 40. Re2 (40. Nf1 {keeps more tension.} Rxg3+ 41. Nxg3 Bxb2 42. Rb1 Bf6 43. h5) 40... Raxa3 41. Kf2 Be5 42. Bd7 Bxg3+ 43. Kxg3 {[#] Hoping for Rde1.} Rxe3+ 44. Rxe3 Rxe3+ 45. Kf4 Rb3 46. Re1 Kf6 47. Be8 {Accuracy: White = 53%, Black = 40%.} 1/2-1/2

[Event "19th Bangkok Open 2019"]
[Site "Bangkok"]
[Date "2019.04.10"]
[Round "5.9"]
[White "Swapnil, S. Dhopade"]
[Black "Saptorshi Gupta"]
[Result "1-0"]
[WhiteElo "2488"]
[BlackElo "2051"]
[Annotator "TA"]
[PlyCount "54"]
[EventDate "2019.04.06"]
[EventType "swiss"]
[EventCountry "THA"]
[SourceTitle "playchess.com"]
[Source "ChessBase"]
[SourceQuality "1"]

{[%evp 13,54,37,32,29,30,30,76,29,35,29,30,31,35,23,29,9,25,14,16,-14,41,26,26,29,52,38,30,43,45,0,151,181,305,292,290,288,279,268,402,375,372,381,29998]} 1. Nf3 Nf6 2. g3 d5 3. Bg2 c5 4. O-O Nc6 5. d4 Bg4 6. Ne5 cxd4 7. Nxg4 Nxg4 8. e3 {D02: 1 d4 d5 2 Nf3 sidelines, including 2...Nf6 3 g3 and 2...Nf6 3 Bf4} (8. c4 dxc4 9. Qa4 Nge5 10. f4 Nd7 11. Qxc4 Qb6 12. e4 e5 13. Bh3 Nf6 14. Nd2 Bd6 15. Qd3 O-O {½-½ (35) Gordievsky,D (2613)-Boros,D (2452) Rockville 2017}) 8... Nf6 9. exd4 Qb6 10. c3 {White is better.} (10. c4 $5) 10... e6 11. Nd2 Be7 12. Re1 O-O 13. h4 $146 ({Predecessor:} 13. Kh1 Rfe8 14. f4 Bf8 15. Nf1 Na5 {1-0 (58) Felegyhazi,L (2280)-Mueller,C Debrecen 1993}) 13... Qc7 14. a4 a6 15. Qe2 Na5 16. h5 Rfc8 ({Better is} 16... h6 $11) 17. h6 $14 g6 18. Nf3 Qc4 19. Qe5 {Hoping for Bg5.} Qc7 20. Bg5 Nc4 21. Qe2 b5 $2 (21... Ng4 $11) 22. Ne5 $16 Nd6 (22... Ne4 {keeps fighting.}) 23. axb5 $18 axb5 {[#]} 24. Rxa8 $1 Rxa8 {[#]} 25. Nxf7 $1 {[%mdl 576] Discovered Attack} Nxf7 (25... Nde4 $142) 26. Bxf6 Bxf6 27. Qxe6 {[%mdl 64] White wants to mate with Qe8+! Double Attack} Bg5 $2 {Accuracy: White = 58%, Black = 41%.} (27... Bg7 $18 28. Bxd5 Rf8 29. hxg7 Kxg7) 1-0

[Event "19th Bangkok Open 2019"]
[Site "Bangkok"]
[Date "2019.04.10"]
[Round "5.10"]
[White "Sonkalan Bharati"]
[Black "Vasquez Schroeder, Rodrigo"]
[Result "1/2-1/2"]
[WhiteElo "2092"]
[BlackElo "2487"]
[Annotator "TA"]
[PlyCount "123"]
[EventDate "2019.04.06"]
[EventType "swiss"]
[EventCountry "THA"]
[SourceTitle "playchess.com"]
[Source "ChessBase"]
[SourceQuality "1"]

{[%evp 22,123,0,-18,-19,-14,-10,-19,20,0,0,0,10,0,21,0,0,6,3,-6,0,0,0,0,0,0,0,-11,0,-33,-29,-30,-35,-4,-21,-136,-121,-132,-128,-114,-35,-45,-43,-65,-65,-69,-69,-72,-64,-85,-78,-64,-48,-66,-76,-74,-62,-159,-160,-174,-166,-171,-150,-148,-133,-143,-143,-235,-237,-418,-411,-370,0,-554,-254,-515,-514,-1013,-146,-94,0,0,0,0,0,0,0,0,0,0,0,0,0,0,0,0,0,0,0,0,0,0,0,0]} 1. e4 c5 2. d4 cxd4 3. c3 Nf6 4. e5 Nd5 5. Qxd4 e6 6. Nf3 Nc6 7. Qe4 f5 8. Qe2 Qc7 9. g3 b5 {B22: Sicilian: 2 c3} (9... Nde7 10. Na3 Ng6 11. Nb5 Qb8 12. Bg2 a6 13. Nbd4 Ncxe5 14. O-O Be7 15. Re1 Nxf3+ 16. Bxf3 O-O 17. h4 Bf6 {½-½ (110) Kamsky,G (2723)-Grischuk,A (2728) Moscow 2008}) 10. Bg2 a5 11. O-O Ba6 12. Re1 {LiveBook: 17 Games} b4 13. c4 Bc5 14. b3 Qb6 $146 ({Predecessor:} 14... O-O 15. Qd1 Nde7 16. Be3 Bxe3 17. Rxe3 {1-0 (45) Westerinen,H (2371)-Niemi,K (2291) Finland 2007}) 15. Qc2 Nde7 16. Be3 Rd8 17. Nbd2 Ng6 18. Qb2 O-O 19. Bxc5 Qxc5 20. Rad1 Nh8 21. h4 Nf7 22. Nf1 h6 23. h5 Rfe8 24. Rd2 Bc8 25. Rde2 d6 26. exd6 Nxd6 27. N1d2 Nf7 28. Nf1 (28. Nh4 $11) 28... e5 $17 {[%cal Be6e5,Be5e4][%mdl 32]} 29. Ne3 e4 $1 {[%cal Re4f3]} 30. Nd5 Nfe5 (30... Ne7 $1 $17 31. Nxe7+ Rxe7) 31. Nxe5 $15 Nxe5 32. Nf4 Nd3 33. Nxd3 Rxd3 34. Re3 {Black must now prevent Rxd3.} Rd4 $36 {[%mdl 2048] Black has good play.} 35. Qc1 Red8 36. R3e2 Qd6 37. c5 Qc6 38. Rc2 Ba6 39. Bf1 ({Better is} 39. Qf4 $15) 39... Bd3 $17 40. Bxd3 exd3 41. Rd2 R8d5 42. Qd1 Qxc5 43. Re8+ Kf7 44. Qe1 (44. Re3 $17) 44... Qd6 $1 $19 ({Weaker is} 44... Re4 45. Rxe4 fxe4 46. Qxe4 $11) 45. Rc8 $2 (45. Re3) 45... Re5 46. Qc1 Qd5 $2 ({Black should play} 46... Re2 $19 {Threatens to win with ...Rxd2.} 47. Qc7+ Qxc7 48. Rxc7+ Kf6) 47. Kh2 $2 {[%mdl 8192]} (47. f4 $1 $11 Re7 48. Qc5) 47... Re7 (47... f4 $142 48. g4 Rxh5+ $1 {[%mdl 512]} 49. gxh5 Qxh5+ 50. Kg1 f3 51. Rc7+ (51. Qc7+ $2 Kg6 $19) 51... Kg8 52. Rxg7+ Kxg7 53. Qc7+ Kf8 54. Qb8+ Ke7 55. Qb7+ Rd7 56. Qe4+ Kf8 57. Qf4+ Kg8) 48. Rc5 $2 (48. Rc7 {was necessary.}) 48... Qf3 49. Rxa5 {[#]} (49. Rc8 $142 f4 50. Rc7 Qxh5+ 51. Kg1) 49... Qxh5+ $2 (49... Re2 $1 $19 {is more deadly. ( -> ...Qxf2+)} 50. Ra7+ Kg8 51. Rxg7+ Kxg7 52. Qc7+ Kf6 53. Qb6+ Ke5 54. Qc5+ Qd5 55. Qe7+ Qe6 56. Qg7+ Kd5 57. Qb7+ Kc5) 50. Kg2 $17 Red7 (50... Qg4 $17 {Hoping for ...Re2.} 51. Qc8 Rf4) 51. Qc5 $1 $11 {The position is equal.} Kg6 52. Ra7 $1 {[%cal Ra7d7]} Kh7 53. Rxd7 Rxd7 54. Qxb4 {[%mdl 4096] Endgame KQR-KQR} Rc7 {And now ...Rc1 would win.} 55. Qh4 Qxh4 56. gxh4 {KR-KR} Rc2 $1 {[%cal Rc2d2]} 57. Rxd3 {aiming for a4.} Rxa2 58. h5 Rb2 59. Rd5 Rxb3 60. Rxf5 Rb4 61. Kg3 Rb1 62. Kg2 {Accuracy: White = 47%, Black = 58%.} 1/2-1/2

[Event "19th Bangkok Open 2019"]
[Site "Bangkok"]
[Date "2019.04.10"]
[Round "5.11"]
[White "Armstrong, Malcolm J"]
[Black "Lou, Yiping"]
[Result "0-1"]
[WhiteElo "2035"]
[BlackElo "2482"]
[Annotator "TA"]
[PlyCount "56"]
[EventDate "2019.04.06"]
[EventType "swiss"]
[EventCountry "THA"]
[SourceTitle "playchess.com"]
[Source "ChessBase"]
[SourceQuality "1"]

{[%evp 22,56,10,6,16,16,21,0,23,0,5,3,13,7,18,-111,-66,-56,-61,-136,-123,-517,-538,-486,-519,-537,-546,-542,-540,-538,-539,-523,-515,-586,-600,-595,-589]} 1. e4 c5 2. Nf3 d6 3. d4 cxd4 4. Nxd4 Nf6 5. Nc3 a6 6. Be3 e5 7. Nb3 Be6 8. Be2 Be7 9. O-O O-O 10. Qd2 Nbd7 11. Rfd1 Qc7 12. a4 {[%cal Ba2a4,Ba4a5][%mdl 32]} h6 {B92: Sicilian Najdorf: 6 Be2} 13. a5 Rac8 14. Nc1 Rfd8 {[#] The position is equal.} 15. Nd3 $146 ({Predecessor:} 15. Qe1 Nc5 16. Nd5 Nxd5 17. exd5 Bf5 18. b4 Nd7 19. c4 Re8 20. Qd2 Bf6 21. Nb3 e4 22. Rab1 Ne5 23. c5 Nd3 24. Nc1 Re5 25. Nxd3 Rxd5 26. Qa2 exd3 27. Qxd5 {½-½ (27) Ninov,N (2600)-Hall,R (2619) ICCF email 2009}) 15... d5 16. exd5 $1 Bf5 17. Qc1 Bd6 18. f4 (18. Ra4 $11 {keeps the balance.}) 18... Re8 19. Rf1 Bg4 {Threatens to win with ...Bxe2.} 20. fxe5 ({White should play} 20. Bd1 $15) 20... Nxe5 $17 21. Bxh6 $2 {[%mdl 8192]} (21. Rxf6 $17 Bxe2 22. Rxd6 Nxd3 23. cxd3 Qxd6 24. Qd2) 21... Bxe2 $19 {Black is clearly winning.} (21... gxh6 22. Qxh6 Bxe2 23. Rxf6 $17) 22. Nxe2 Neg4 {[#] ( -> ...Bc5+)} ({Less strong is} 22... gxh6 23. Rxf6 Nxd3 24. Qxh6 $17) ({Not} 22... Nxd3 23. Qg5 $17) 23. Nd4 Bc5 {[%csl Gg4][%cal Rc7h2]} 24. Bf4 Bxd4+ 25. Kh1 Qxc2 26. Qxc2 Rxc2 27. Ra4 Nf2+ 28. Nxf2 Rxf2 {Accuracy: White = 17%, Black = 62%.} 0-1

[Event "19th Bangkok Open 2019"]
[Site "Bangkok"]
[Date "2019.04.10"]
[Round "5.12"]
[White "Horvath, Jozsef"]
[Black "Sarbojit Paul"]
[Result "1-0"]
[WhiteElo "2479"]
[BlackElo "1984"]
[Annotator "TA"]
[PlyCount "73"]
[EventDate "2019.04.06"]
[EventType "swiss"]
[EventCountry "THA"]
[SourceTitle "playchess.com"]
[Source "ChessBase"]
[SourceQuality "1"]

{[%evp 21,73,31,39,41,74,54,54,54,49,47,55,30,49,47,55,51,55,50,64,45,59,49,79,68,56,59,86,71,75,72,93,96,93,91,109,100,97,102,104,117,107,79,94,75,72,72,71,79,216,208,626,618,29998,29999]} 1. d4 d5 2. Nf3 Nf6 3. g3 c6 4. Bg2 Bg4 5. O-O Nbd7 6. Nbd2 e6 7. Re1 Bd6 8. e4 dxe4 9. Nxe4 Nxe4 10. Rxe4 Bf5 11. Re1 O-O 12. Nh4 {D02: 1 d4 d5 2 Nf3 sidelines, including 2...Nf6 3 g3 and 2...Nf6 3 Bf4} Bg6 13. c3 Re8 14. Be3 {White is slightly better.} (14. Nxg6 hxg6 15. Qb3 Qb6 16. Be3 Qxb3 17. axb3 a6 18. b4 Nf6 19. Bf3 Nd5 20. Bd2 Be7 21. h4 Rad8 22. Kg2 {½-½ (22) Saric,A (2502)-Saric,I (2555) Banja Vrucica 2009}) 14... Qc7 15. Nxg6 hxg6 16. Qb3 Nf6 17. Rad1 Nd5 $146 ({Predecessor:} 17... Rad8 18. Bg5 Be7 19. Re2 Nd5 20. Bxe7 Rxe7 {½-½ (30) Dela Cruz,N (2343)-Dahale,A (2109) Kuala Lumpur 2013}) 18. Bc1 Rad8 19. Bf3 Be7 20. c4 Nb6 21. Bf4 Qc8 22. Kg2 Bf6 23. Be3 Qc7 24. Rd2 e5 {[%cal Re5d4]} 25. dxe5 Rxd2 26. Bxd2 Bxe5 27. Ba5 {[#] Hoping for c5.} Qd7 28. Bxb6 axb6 29. Qxb6 Kh7 30. Rd1 Qe7 31. b4 Ra8 32. b5 Rxa2 33. bxc6 bxc6 34. Qxc6 Qa7 (34... Bc3 $16) 35. c5 $18 Rc2 $2 (35... Qb8 36. Bd5 Ra7) 36. Qe4 $1 {[%csl LRc2,LRe5][%mdl 64] [#] White threatens Qh4+ and mate. Double Attack} Rxc5 37. Qh4+ {Accuracy: White = 57%, Black = 42%.} 1-0

[Event "19th Bangkok Open 2019"]
[Site "Bangkok"]
[Date "2019.04.11"]
[Round "6.1"]
[White "Gustafsson, Jan"]
[Black "Lalith Babu M R"]
[Result "1/2-1/2"]
[WhiteElo "2633"]
[BlackElo "2577"]
[Annotator "TA"]
[PlyCount "52"]
[EventDate "2019.04.06"]
[EventType "swiss"]
[EventCountry "THA"]
[SourceTitle "playchess.com"]
[Source "ChessBase"]
[SourceQuality "1"]

{[%evp 19,52,3,6,3,17,14,14,4,8,5,26,-1,8,2,42,0,0,0,2,0,4,0,31,21,13,29,25,30,23,14,16,0,0,0,0]} 1. c4 Nf6 2. Nc3 e5 3. g3 d5 4. cxd5 Nxd5 5. Bg2 Nb6 6. Nf3 Nc6 7. O-O Be7 8. a3 O-O 9. b4 {[%cal Bb2b4,Bb4b5][%mdl 32]} Be6 10. Rb1 f6 11. b5 {A29: English Opening: Four Knights Variation with 4 g3} (11. d3 Nd4 12. Nh4 c6 13. e3 Nf5 14. Bh3 Qd7 15. Bxf5 Bxf5 16. Nxf5 Qxf5 17. Qb3+ Kh8 18. e4 Qd7 19. a4 f5 {0-1 (33) Svidler,P (2756)-Edouard,R (2646) Porto Carras 2018}) 11... Nd4 12. e3 Nxf3+ 13. Bxf3 Nd5 14. Ne2 Qd7 {[#]} 15. Re1 $146 ({Predecessor:} 15. d4 Rad8 16. Qc2 Kh8 17. Bg2 Bh3 18. Bxh3 Qxh3 {½-½ (30) Edouard,R (2612)-Xiong,J (2640) Saint Louis 2018}) 15... Rad8 16. Qc2 Bg4 17. Bg2 Bh5 18. d4 Bg6 19. e4 {[#] Strongly threatening Qa2.} Nb6 $1 20. Be3 Bf7 21. d5 Bxa3 22. Ra1 Bd6 23. Rxa7 Ra8 24. Rxa8 Rxa8 {The position is equal.} 25. Rb1 Ra5 26. Qd3 Ra3 {Accuracy: White = 71%, Black = 75%.} 1/2-1/2

[Event "19th Bangkok Open 2019"]
[Site "Bangkok"]
[Date "2019.04.11"]
[Round "6.2"]
[White "Short, Nigel D"]
[Black "Susilodinata, Andrean"]
[Result "1-0"]
[WhiteElo "2636"]
[BlackElo "2314"]
[Annotator "TA"]
[PlyCount "53"]
[EventDate "2019.04.06"]
[EventType "swiss"]
[EventCountry "THA"]
[SourceTitle "playchess.com"]
[Source "ChessBase"]
[SourceQuality "1"]

{[%evp 16,53,35,42,50,50,61,59,105,102,134,126,225,222,229,97,205,183,174,180,221,172,264,248,315,322,318,312,398,393,500,501,512,512,601,556,1279,844,1355,1313]} 1. d4 d5 2. Bf4 Nf6 3. e3 e6 4. Nf3 c5 5. Nbd2 Be7 6. c3 O-O {D02: 1 d4 d5 2 Nf3 sidelines, including 2...Nf6 3 g3 and 2...Nf6 3 Bf4} 7. Bd3 b6 8. Ne5 Bb7 9. Qf3 {LiveBook: 26 Games} Nfd7 10. Qh3 {[%csl Gd3][%cal Rh3h7]} g6 11. Ndf3 Nxe5 12. dxe5 ({Don't play} 12. Bxe5 $6 Nc6 $11) ({Much less strong is} 12. Nxe5 Bg5 $11) 12... Ba6 13. Bc2 $1 $40 {[%mdl 128] White attacks with force.} Nc6 (13... Qd7 $16) 14. Qh6 $18 f5 {[#]} 15. g4 $1 {[%mdl 512]} Rf7 (15... d4 $16 {was called for.}) (15... fxg4 16. Bxg6) 16. gxf5 exf5 {[#]} 17. Rg1 $1 Qd7 {[#]} 18. h4 $1 Bf8 (18... Rg7 {keeps fighting.}) 19. Qg5 Re8 20. h5 Rg7 21. hxg6 Rxg6 22. Bxf5 {[%mdl 64] Double Attack} Ree6 23. Qh5 {White is clearly winning.} Rxg1+ 24. Nxg1 Nd8 25. O-O-O {Strongly threatening Rxd5!} Kh8 26. Nh3 Qb7 27. Bg5 {Accuracy: White = 80%, Black = 30%.} 1-0

[Event "19th Bangkok Open 2019"]
[Site "Bangkok"]
[Date "2019.04.11"]
[Round "6.3"]
[White "Sengupta, Deep"]
[Black "Neelash Saha"]
[Result "1-0"]
[WhiteElo "2551"]
[BlackElo "2303"]
[Annotator "TA"]
[PlyCount "73"]
[EventDate "2019.04.06"]
[EventType "swiss"]
[EventCountry "THA"]
[SourceTitle "playchess.com"]
[Source "ChessBase"]
[SourceQuality "1"]

{[%evp 9,73,6,18,-14,3,8,12,-19,31,31,46,33,46,28,33,32,104,66,52,40,121,136,123,124,117,118,179,106,185,157,171,138,406,445,422,430,404,410,511,541,530,520,539,494,537,416,522,497,456,443,494,494,424,417,672,616,583,677,627,625,850,850,850,850,29992,29993]} 1. c4 e6 2. g3 d5 3. Bg2 c6 4. Nf3 dxc4 5. a4 (5. O-O b5 6. a4 Bb7 7. b3 cxb3 8. Qxb3 b4 9. Ne5 a5 10. d4 Nf6 11. Bb2 Be7 12. Nd2 O-O {0-1 (32) Mareco,S (2635)-Bindrich,F (2590) Doha 2016}) 5... Nf6 6. Qc2 {A13: English Opening: 1...e6} Qd5 7. O-O Nbd7 8. Nc3 $146 {The position is equal.} ({Predecessor:} 8. a5 a6 9. Ra4 b5 10. axb6 Nxb6 11. Nc3 Qc5 12. Ra1 Nfd5 13. Na4 Nxa4 14. Rxa4 {0-1 (62) Vasovski,N (2325)-Stanojoski,Z (2514) Struga 2008}) 8... Qc5 9. a5 Be7 10. b3 cxb3 11. Qxb3 Qh5 12. d4 Nd5 ({Better is} 12... O-O $14) 13. e4 Nxc3 14. Qxc3 Nf6 ({Black should try} 14... O-O $1 $14) 15. Ne5 $16 {Strongly threatening Nxc6!} Ng4 16. Nxg4 Qxg4 {[#]} 17. a6 $1 {[%mdl 512]} e5 (17... O-O $16 18. Bf4 Bd8) (17... bxa6 18. Qxc6+) 18. dxe5 (18. d5 $18) 18... c5 (18... O-O $16) 19. h3 Qd7 20. Bb2 $36 {[%mdl 2048] Black is under strong pressure.} Qc7 $2 {[%mdl 8192] [#]} (20... bxa6 $16 21. e6 {[%mdl 64] Discovered Attack} Qxe6) 21. e6 $1 $18 {[%mdl 512]} f6 (21... Bxe6 22. Qxg7) 22. e5 Rb8 23. axb7 {[%mdl 64] Discovered Attack} Bxb7 24. Rxa7 Qb6 25. Rxb7 Rxb7 26. Bxb7 Qxb7 27. Qc4 {Qa4+ is the strong threat.} O-O 28. exf6 gxf6 29. Qg4+ Kh8 30. Bc3 Qb3 31. Rc1 Rg8 (31... Re8 $142 32. Qe4 Rb8) 32. Qf5 Rg6 33. h4 Kg8 34. Qe4 Kg7 35. h5 Rg5 {[#]} 36. h6+ $1 {[%mdl 512]} Kh8 (36... Kxh6 37. Bd2) 37. Rb1 {Accuracy: White = 70%, Black = 37%.} 1-0

[Event "19th Bangkok Open 2019"]
[Site "Bangkok"]
[Date "2019.04.11"]
[Round "6.4"]
[White "Zhao, Zong-Yuan"]
[Black "Bellon Lopez, Juan Manuel"]
[Result "1-0"]
[WhiteElo "2529"]
[BlackElo "2343"]
[Annotator "TA"]
[PlyCount "41"]
[EventDate "2019.04.06"]
[EventType "swiss"]
[EventCountry "THA"]
[SourceTitle "playchess.com"]
[Source "ChessBase"]
[SourceQuality "1"]

{[%evp 16,41,61,49,107,103,147,140,152,163,147,152,143,145,145,136,150,148,206,198,348,258,502,502,905,500,904,187]} 1. e4 c5 2. Nf3 e6 3. d4 cxd4 4. Nxd4 Nc6 5. Nc3 Qc7 6. Be3 {[%cal Bc1e3,Be3d4,Bd4e5][%mdl 32]} Nf6 7. f4 d6 8. Qf3 a6 9. O-O-O {LiveBook: 90 Games} h5 {B82: Sicilian Scheveningen: 6 f4} (9... Bd7 $14) (9... Bd7 10. g4 h6 11. Rg1 Rc8 12. Kb1 b5 13. a3 Be7 14. Be2 Nxd4 15. Bxd4 e5 16. Be3 Bc6 17. g5 hxg5 18. fxg5 {1-0 (33) David,A (2574)-Brunello,S (2557) Rome 2016}) 10. e5 $146 ({Predecessor:} 10. h3 Bd7 11. Bd3 Rc8 12. Kb1 b5 13. g4 Nxd4 14. Bxd4 e5 15. Be3 hxg4 16. hxg4 Bxg4 17. Qg2 Rxh1 18. Rxh1 exf4 {1-0 (44) Rios Parra,A (2302)-Zuluaga,C (2300) Tunja 2018}) 10... Nxd4 11. Bxd4 ({Inferior is} 11. Rxd4 dxe5 12. Rc4 Qb8 $11) 11... dxe5 {White is clearly better.} 12. Bxe5 Qc6 13. Qd3 {[%csl Gd1][%cal Rd3d8] [#]} Bd7 14. Be2 Rd8 15. Bf3 Qb6 16. Ne4 Nd5 (16... Be7 $16) 17. Rhe1 $18 Qa5 {[#]} (17... Bc6 $142 18. f5 Bb4) 18. Qxd5 $3 {[%mdl 512]} Qxe1 $2 (18... Qxd5 19. Rxd5 exd5) 19. Qd4 {White is clearly winning.} Qh4 (19... Qb4 $142 20. Qxb4 Bxb4 21. Bxg7 Rg8) 20. g3 Qe7 (20... Bc6 $142) 21. Nf6+ $2 {Precision: White = 75%, Black = 23%.} (21. Nd6+ Qxd6 22. Bxd6) 1-0

[Event "19th Bangkok Open 2019"]
[Site "Bangkok"]
[Date "2019.04.11"]
[Round "6.5"]
[White "Stella, Andrea"]
[Black "Duong, The Anh"]
[Result "0-1"]
[WhiteElo "2512"]
[BlackElo "2302"]
[Annotator "TA"]
[PlyCount "74"]
[EventDate "2019.04.06"]
[EventType "swiss"]
[EventCountry "THA"]
[SourceTitle "playchess.com"]
[Source "ChessBase"]
[SourceQuality "1"]

{[%evp 9,74,0,0,0,8,0,3,4,7,-15,-20,-25,-14,-7,4,0,0,0,18,25,14,12,19,5,26,23,28,37,41,39,37,21,20,20,27,12,12,10,13,11,26,16,51,32,31,-16,0,0,51,10,6,-2,36,44,52,-66,-75,-204,-198,-204,-193,-440,-438,-776,-674,-695,-710]} 1. d4 Nf6 2. c4 e6 3. Nc3 Bb4 4. e3 O-O 5. Nge2 Re8 6. Ng3 {E46: Nimzo-Indian: Rubinstein: 4 e3 0-0 5 Ne2 without early Bd3} (6. a3 Bf8 7. d5 d6 8. g3 exd5 9. cxd5 c5 10. Bg2 Nbd7 11. O-O c4 12. Nd4 Nc5 13. Qe2 Nd3 14. b3 Nxc1 15. Rfxc1 cxb3 {½-½ (74) Caruana,F (2822)-So,W (2780) Saint Louis 2018}) 6... d5 7. Be2 $146 ({Predecessor:} 7. Bd3 a5 8. O-O Nbd7 9. Qc2 Bf8 10. b3 g6 11. f3 dxc4 12. bxc4 c5 13. d5 exd5 14. cxd5 {½-½ (24) Sigurdsson,B (1709)-Giulian Jackson,R (1918) Glasgow 2012}) 7... b6 8. O-O {The position is equal.} Bb7 9. cxd5 exd5 10. Qb3 Bf8 11. Rd1 Nc6 12. Nh5 Nxh5 13. Bxh5 Na5 14. Qc2 Qd7 15. Bf3 Rad8 16. b3 c6 17. Bb2 f5 18. Ne2 {[%cal Bc3e2,Be2f4,Bf4d3,Bd3e5][%mdl 32]} Ba8 19. Nf4 Nb7 20. Nd3 {And now Ne5 would win.} Nd6 21. Ne5 Qe6 22. Bh5 g6 23. Be2 Rc8 24. Ba6 Rc7 25. a4 Bg7 26. Nd3 g5 27. b4 Bf6 28. Rac1 Ree7 (28... Bb7 $11 29. Bxb7 Nxb7) 29. Ba3 Rg7 30. Re1 Kh8 31. Ne5 h5 32. b5 (32. Qe2 $14) 32... c5 $1 $15 33. Qd1 (33. Nd3 $17 {keeps fighting.} Nc4 34. Bb2) 33... Bxe5 $19 34. dxe5 Nc4 35. Ra1 $2 {[#]} (35. Rxc4 dxc4 36. Bb2) 35... g4 {Black is clearly winning.} 36. f4 (36. Qe2 $142 Qxe5 37. Ra2) 36... gxf3 37. Qxf3 Rg8 {Accuracy: White = 40%, Black = 63%.} 0-1